000 00970cam a22002654a 4500
001 14317104
005 20180201040524.0
008 060327s2006 nhu b 001 0 eng
010 _a 2006010218
020 _a0325008353 (alk. paper)
035 _a(OCoLC)ocm65521489
040 _aDLC
_cDLC
_dYDXCP
_dBAKER
_dOCLCQ
_dIXA
_dDLC
041 _aeng
042 _apcc
043 _an-us---
080 _a372.48 MUR
082 0 0 _a372.48 MUR
_222
100 1 _a45
101 _aEDU
245 1 0 _aScientific reading assessment :
_cMaryann Manning, Shelly Chumley, Clark Underbakke.
504 _aIncludes bibliographical references (p. 147-154) and index.
906 _a7
_bcbc
_corignew
_d1
_eecip
_f20
_gy-gencatlg
942 _2ddc
_cBK
999 _c41470
_d41470